Fizika slabojonizovannogo gaza : V zadačach s rešenijami /

Enregistré dans:
Détails bibliographiques
Auteur principal: Smirnov, Boris Michajlovič (Auteur)
Format: Livre
Langue:russe
Publié: Moskva : Nauka, 1985
Édition:3.pererab.i dopol.izd.
Sujets:
Tags: Ajouter un tag
Pas de tags, Soyez le premier à ajouter un tag!

MARC

LEADER 00000nam a22000003a 4500
001 stu42118
005 20150617225719.1
008 940211s1985----xxr-----------------rus-d
040 |a STU  |b slo 
041 0 |a rus 
044 |a xxr 
080 |a 537.563 
080 |a 621.375.826  |7 stu_us_auth*stu9916 
100 1 |a Smirnov, Boris Michajlovič  |4 aut 
245 1 |a Fizika slabojonizovannogo gaza :  |b V zadačach s rešenijami /  |c [aut.]Boris M. Smirnov 
250 |a 3.pererab.i dopol.izd. 
260 |a Moskva :  |b Nauka,  |c 1985 
300 |a 423 s 
650 7 |a Plyny ionizované  |2 stusub 
996 |b 284M055254  |c M*7439-1  |l MMKN  |s A  |a 24  |w stu42118_0001